Latin Noun Declension Chart Quiz - Statistics

General Stats
  • This quiz has been taken 248 times
  • The average score is 62 of 70
Answer Stats
Hint e % Correct
nom -
100%
nom -
100%
acc -
100%
nom a
100%
abl a
100%
nom a
100%
acc a
100%
nom a
100%
acc a
100%
gen i
99%
nom i
99%
gen i
99%
dat i
99%
dat i
99%
dat o
99%
abl o
99%
dat o
99%
abl o
99%
abl u
98%
gen ae
97%
dat ae
97%
nom ae
97%
acc am
97%
dat is
96%
abl is
96%
dat is
96%
abl is
96%
dat is
96%
abl is
96%
gen is
96%
gen is
96%
acc um
96%
nom um
96%
acc um
96%
gen um
96%
gen um
96%
acc um
96%
acc as
94%
abl e
94%
abl e
94%
abl e
94%
nom us
94%
nom us
94%
gen us
94%
nom us
94%
acc us
94%
gen orum
91%
gen orum
91%
gen arum
90%
acc os
89%
acc em
81%
acc em
81%
nom es
78%
acc es
78%
nom es
78%
nom es
78%
acc es
78%
dat ibus
73%
abl ibus
73%
dat ibus
73%
abl ibus
73%
dat ibus
73%
abl ibus
73%
gen ei
55%
dat ei
55%
gen uum
53%
dat ui
52%
gen erum
48%
dat ebus
47%
abl ebus
47%
No matching quizzes found
Score Distribution
Percent of People with Each Score
Percentile by Number Answered
Your Score History
You have not taken this quiz